HIROSHIMA in memoriam and today (Record no. 13407)

000 -LEADER
fixed length control field 00377nam a22001457a 4500
020 ## - INTERNATIONAL STANDARD BOOK NUMBER
International Standard Book Number -
082 ## - DEWEY DECIMAL CLASSIFICATION NUMBER
Classification number 940.542521954 TAK
100 ## - MAIN ENTRY--PERSONAL NAME
Personal name Takayama, Hitoshi
245 ## - TITLE STATEMENT
Title HIROSHIMA in memoriam and today
260 ## - PUBLICATION, DISTRIBUTION, ETC.
Place of publication, distribution, etc. USA
Name of publisher, distributor, etc. The Himat Group
Date of publication, distribution, etc. 2000
300 ## - PHYSICAL DESCRIPTION
Extent xi, 278 p.
500 ## - GENERAL NOTE
General note Includes index.
650 ## - SUBJECT ADDED ENTRY--TOPICAL TERM
Topical term or geographic name entry element Hiroshima---Shi (Japan)---history---bombardment 1945
942 ## - ADDED ENTRY ELEMENTS (KOHA)
Koha item type Book
Holdings
Withdrawn status Lost status Damaged status Not for loan Collection code Permanent Location Current Location Shelving location Date acquired Source of acquisition Total Checkouts Full call number Barcode Date last seen Date last checked out Price effective from Koha item type
          Central Library (CL) Central Library (CL) General Stacks 12/12/2015 Donation 3 940.542521954 TAK SEECSD01209 04/08/2022 03/04/2022 12/14/2015 Book
© 2023 Central Library, National University of Sciences and Technology. All Rights Reserved.